Failes Masculinities: (Record no. 201572)

MARC details
000 -LEADER
fixed length control field 00619nam a22001937a 4500
005 - DATE AND TIME OF LATEST TRANSACTION
control field 20240318164833.0
010 ## - LCCN (DPL NO)
LC control number ENG-139762
020 ## - INTERNATIONAL STANDARD BOOK NUMBER
International Standard Book Number 9789354423925
Terms of availability 960.00
035 ## - SYSTEM CONTROL NUMBER
System control number EN-123294
037 ## - SOURCE OF ACQUISITION
Source of stock number/acquisition DBAD/PUB
082 ## - DEWEY DECIMAL CLASSIFICATION NUMBER
Classification number 305.31
Edition number 1
100 ## - MAIN ENTRY--PERSONAL NAME
Personal name Sanyal, Devapriya
245 ## - TITLE STATEMENT
Title Failes Masculinities:
Remainder of title The Men in Satyajit Ray's Films/
Statement of responsibility, etc By Devapriya Sanyal
250 ## - EDITION STATEMENT
Edition statement 1
260 ## - PUBLICATION, DISTRIBUTION, ETC. (IMPRINT)
Place of publication, distribution, etc Hyderabad
Name of publisher, distributor, etc Orient Blackswan Private Ltd
Date of publication, distribution, etc 2023
270 ## - ADDRESS
Address 3-6-752, Himayatnagar
City Hyderabad
Postal code 500029
Electronic mail address info@orintblackswan.com
300 ## - PHYSICAL DESCRIPTION
Extent 175p.
Dimensions 23cm(pbk)
942 ## - ADDED ENTRY ELEMENTS (KOHA)
Source of classification or shelving scheme Dewey Decimal Classification
Item type English Books
Classification part 305.31
Call number suffix SAN
Edition 1
Holdings
Withdrawn status Lost status Not for loan Collection code Home library Current library Date acquired Source of acquisition Cost, normal purchase price Full call number Barcode Copy number Cost, replacement price Koha item type
      Non-fiction Bawana Bawana 18/03/2024 DBAD 960.00 305.31 SAN EN-123294 1 960.00 English Books

© Delhi Public Library
Hit Counter
free hit counter